| 000 | 00460cam a2200181ua 4500 | ||
|---|---|---|---|
| 020 | _c166.00 | ||
| 041 |
_aeng _h |
||
| 082 |
_a302.2242 _bFLE/SP |
||
| 100 | _aFletcher, Harvey . | ||
| 245 |
_aSpeech and hearing in comunication / _cHarvey Fletcher. _hTextual Documents |
||
| 250 |
_a1 / _b. |
||
| 260 |
_aNewyork : _bVan nostrant co., INC , _c1953. |
||
| 300 | _a461 ; . | ||
| 365 | _a166.00 | ||
| 504 | _a | ||
| 942 | _cBK | ||
| 999 |
_c1732 _d1732 |
||